Quizzes
Events
Quiz Creation
Community
Videos
Private Events
Remove Ads
Sign In
Join for FREE
Feedback
Dark Mode
Quiz Categories
Sports
Geography
Music
Movies
Television
Just For Fun
Miscellaneous
History
Literature
Language
Science
Gaming
Entertainment
Religion
Holiday
For Kids
Quiz Lab
Recent
Popular Today
Quiz Kudos Today
Editor Picks
Curator Picks
Quizzes by...
Day
Popularity
Type
Ratings
Length
Year
Community
Subscriptions
Recent Discussions
Orange Saloon
Badges
Playlists
Quests
Create
Leaderboards
Showdown
Live 5
Trivia Bingo
Activity
Puzzle Library
Sporcle Events
Private Events
Virtual Trivia
Globe League
Become a Host
Pub Owners
SporcleCon
Opinionation
Our Games
Videos
Blog
Mobile Apps
Partnerships
Remove Ads and Go Orange
Feedback
Music
Pop Music
The Beatles
Song
Album
Lyrics
Bands
Singers
Artist
Clip
Rock
Rap
Classical
Billboard
Country Music
Kpop
Taylor Swift
Music
Pop Music
The Beatles
Song
Album
Lyrics
Bands
Singers
Artist
Clip
Rock
Rap
Classical
Billboard
Country Music
Kpop
Taylor Swift
Random Quiz
Search Sporcle
×
Quiz Lab
Quiz Lab
Music
Disney
Type in answers that appear in a list
Type in answers that appear in a list
Classic
Best Score? Go Orange.
Disney Lyrics 1 Stats
Can you name the Disney Lyrics?
By
cinderelly105
10m
133 Questions
375 Plays
375 Plays
375 Plays
Comments
Comments
Give Quiz Kudos
Give Quiz Kudos
-
- Ratings
hide this ad
More Info
Replay
Link that replays current quiz
Next Quiz
Link to next quiz in quiz playlist
You Got
0%
They Got
Avg Score
46%
Avg Friend Score
Upgrade to see
Score Distribution
Jump to the score distribution portion of the page
Score
0/133
Timer
10:00
0
Plays Today
Lyrics
% Correct
the
97.9%
the
97.9%
and
97.9%
a
97.9%
a
97.9%
and
97.9%
and
97.9%
And
97.9%
a
97.9%
And
97.9%
And
97.9%
the
97.9%
The
97.9%
A
97.9%
And
97.9%
the
97.9%
the
97.9%
the
97.9%
and
97.9%
the
97.9%
you
87.2%
It
77.3%
in
77.3%
in
77.3%
in
77.3%
it
77.3%
it
77.3%
to
74.4%
on
72.5%
on
72.5%
On
72.5%
when
71.2%
Where
67.7%
He
65.9%
he
65.9%
its
63.5%
its
63.5%
There
61.1%
was
53.3%
was
53.3%
was
53.3%
was
53.3%
was
53.3%
was
53.3%
then
51.5%
Lyrics
% Correct
too
49.3%
as
48%
his
45.9%
his
45.9%
his
45.9%
world
44.3%
just
42.7%
that's
41.1%
that's
41.1%
that's
41.1%
thats
41.1%
new,
40.5%
down
38.1%
never
36.5%
Back
35.7%
came
35.2%
they're
34.9%
truth.
34.9%
truth.
34.9%
truth.
34.9%
gospel
33.9%
gospel
33.9%
gospel
33.9%
luck
33.6%
Earth
33.1%
Zeus.
32.8%
Zeus
32.8%
Titans
32.5%
those
32.5%
place.
32.3%
along
31.2%
ran
29.9%
seem
29.6%
seem
29.6%
nasty
29.3%
planet
29.1%
life
28.5%
may
28.3%
may
28.3%
hurled
28%
thunderbolt,
27.5%
wherever
27.2%
Though,
27.2%
Though,
27.2%
mess
26.9%
Lyrics
% Correct
Hercules
26.9%
stepped.
26.7%
called
26.4%
own
26.1%
first
25.3%
everywhere
25.1%
worlds
25.1%
chaos
24.8%
stopped
24.8%
chaos
24.8%
brutes
24.3%
amok.
24.3%
volcanoes
24.3%
tracks.
24%
slept.
23.7%
Locked
23.7%
impossible
23.5%
impossible
23.5%
while
23.2%
gigantic
22.9%
earthquakes
22.7%
trapped.
22.1%
suckers
21.9%
still
21.6%
Olympus
21.6%
relax.
21.3%
Mount
21.3%
zapped.
21.1%
dish.
21.1%
honey,
21.1%
honey,
21.1%
type
20.8%
The Gospel Truth
20.8%
reigned
20.5%
vault,
20.5%
youth.
20.3%
guy
18.7%
sweet
18.7%
globe
18.4%
tamed
17.3%
smooth
16.5%
vermouth.
16.5%
neat
13.1%
Quiz Playlist
Details
Report
Send in Message
Add To Playlist
More Info:
IMPORTANT!: The last two lines of the quiz are the name of the song and the Disney movie it is from.
Classic:
Type in answers that appear in a list
Quiz Source
Last Updated: Feb 16, 2017
Quiz Scoreboard
CHALLENGE
Sign Up to Join the Scoreboard
Show All
Scores
Hide
Comments
May contain spoilers
Recently Published
College Basketball Coaching Resumes
by pancakes188
Sports
9m
Billboard Blitz: Fleetwood Mac
by CooCooCachoo
Music
15s
Presidents Visiting Landmarks
by Hejman
History
7m
More to Explore
Quiz From the Vault
Featured Blog Post
Where Did the Easter Bunny Come From?
hide this ad
You Might Also Like...
Tags
Disney Quiz
Lyrics Quiz
Disney Films
Hercules
Today's Top Quizzes in Music
Browse Music
hide this ad
Today's Top Quizzes in Disney
Browse Disney
Top Contributed Quizzes in Music
1
Taylor Swift All Songs (2024)
2
7-to-1: Billboard Hot 100 #1 Hits of 2010s
3
Guess the Artist- 70s Songs
4
Sorting Albums and Songs
5
Taylor Swift Logic Puzzle
6
KPOP LOGIC QUIZ
7
Guess the Taylor Swift song (Mystery Song)
8
2010s Album by Cover III
9
One Thing in Common: Music
10
Guess The Taylor Swift Lyrics Song #1
Explore More
Trending Topics
Kpop
Marvel
NBA
Anime
Crossword
Disney
Harry Potter
The Office
WWE
Song
Puzzle
Country
Soccer
NFL
Pokémon
hide this ad
More By:
cinderelly105
Quiz
Plays
Rating
Category
Featured
Created
Disney Quotes
627
3.20
Movies
May 30, 2010
Disney Lyrics 1
375
3.67
Music
Aug 19, 2011
End of Disney Songs
272
1.90
Movies
Jul 28, 2011
Disney Lyrics 2
167
4.00
Music
Aug 19, 2011
WDW Park Attractions
117
5.00
Entertainment
May 30, 2010
Go to Creator's Profile
Score Distribution
Quiz Creator Spotlight
cinderelly105
Follow
Send a Message
Quizzes Created
-
Created Quiz Play Count
-
More By This Creator
Popular Quizzes Today
1
Find the US States - No Outlines Minefield
2
Find the Countries of Europe - No Outlines Minefield
3
The Countries of the World
4
Find the US States
5
Risky Map Clicking: Biggest States A-Z
6
US States
7
Popular People in 1961
8
Movies - When Are They Set?
More Music Quizzes
Nirvana Quiz
Quiz Lab
Trending Quizzes
Risky Map Clicking: Least Populous States A-Z
1-10 Letter G Words
1-10 Letter F Words
Risky Map Clicking: Next State Alphabetically
Risky Map Clicking: Biggest States A-Z
Recently Updated
Leaping Animals
pecheneg
Reality TV Shows (A-Z)
bhenderson79
Rickey Henderson's Hall of Fame Teammates
pecheneg
Champions League XIs: Arsenal
pecheneg
Quick Pick: Celebrities in WWE's Hall of Fame
aduchscher
A-Z Keypad Blitz II
pecheneg
Multiple Oscar Actors
pecheneg
Mystery Phrase Blitz: Oscar 'Best Actors'
pecheneg
F. Scott Fitzgerald Novels
LTH
Pick 3 Villains
ddd62291
Trending Topics
Marvel
Kpop
NBA
Anime
Crossword
Disney
Harry Potter
Song
Soccer
Country
Puzzle
NFL
WWE
Pokémon
The Office
Your Account Isn't Verified!
In order to create a playlist on Sporcle, you need to verify the email address you used during registration. Go to your
Sporcle Settings
to finish the process.
Report this User
Report this user for behavior that violates our
Community Guidelines
.
Details:
Send Report
Go to the Sporcle.com Mobile Site →
Comments